| 000 | 00599nam a2200253Ia 4500 | ||
|---|---|---|---|
| 008 | 210210b2000 xxu||||| |||| 00| 0 eng d | ||
| 082 | _a510 BOSS | ||
| 100 | _aBOSCO (S S). | ||
| 245 | _aSupplement to II PUC textbook: theory and problems in mathematics. | ||
| 260 |
_aMangalore _bT. Egithin Bosco _c2000 |
||
| 300 | _a831-1044 | ||
| 650 | _ato | ||
| 650 | _atheory | ||
| 650 | _atextbook: | ||
| 650 | _aSupplement | ||
| 650 | _aPUC | ||
| 650 | _aproblems | ||
| 650 | _amathematics. | ||
| 650 | _ain | ||
| 650 | _aII | ||
| 650 | _aand | ||
| 690 | _aMathematics | ||
| 906 | _a055520 | ||
| 999 |
_c103281 _d103281 |
||